Statistics for Africké země

Click here to take the quiz!

General Stats

  • This quiz has been taken 863 times
    (860 since last reset)
  • The average score is 34 of 54

Answers on the Map

Answers color-coded by a green-red scale on the quiz's map according to % correct below.
 

Answer Stats

Země% Correct
Egypt
96%
Madagaskar
92%
Alžírsko
90%
Niger
88%
Jihoafrická republika
87%
Maroko
87%
Nigérie
85%
Tunisko
85%
Libye
83%
Somálsko
83%
Súdán
78%
Etiopie
77%
Zimbabwe
76%
Keňa
75%
Mali
74%
Čad
73%
Zambie
73%
Jižní Súdán
72%
Pobřeží slonoviny
72%
Středoafrická republika
70%
Angola
67%
Senegal
67%
Tanzanie
67%
Ghana
65%
Uganda
65%
Botswana
61%
Guinea
61%
Kamerun
61%
Lesotho
61%
Namibie
59%
Togo
59%
Rwanda
57%
Kapverdy
56%
Eritrea
55%
Malawi
55%
Mauritánie
55%
Mosambik
55%
Rovníková Guinea
54%
Gabon
53%
Benin
52%
Libérie
51%
Svazijsko
50%
Gambie
47%
Burkina Faso
46%
Džibutsko
45%
Seychely
45%
Burundi
44%
Guinea-Bissau
43%
Mauricius
43%
Sierra Leone
43%
Konžská republika
42%
Komory
41%
Svatý Tomáš a Princův
ostrov
27%
Konžská demokratická republika
24%

Score Distribution

Percentile by Number Answered

Percent of People with Each Score

Your Score History

You have not taken this quiz since the last reset